Η επιστημονική μέθοδος της παιδαγωγικής : (ιστορική θεώρηση-επιτεύγματα)

Αποθηκεύτηκε σε:
Λεπτομέρειες βιβλιογραφικής εγγραφής
Κύριος συγγραφέας: Ξηροτύρης, Ηλίας Ι., 1914-
Μορφή: Βιβλίο
Γλώσσα:Greek
Δημοσίευση: Αθήνα : Νίκη, 1965
Θέματα:
Ετικέτες: Προσθήκη ετικέτας
Δεν υπάρχουν, Καταχωρήστε ετικέτα πρώτοι!

MARC

LEADER 00000cam a2200000 i 4500
001 1/20465
008 120613s1965 gre d
035 |l 10112710 
040 |a GR-MY-UA  |b gre  |e aacr 
041 0 |a gre 
082 0 |a 370.1  |2 (22) 
100 1 |a Ξηροτύρης, Ηλίας Ι.,   |d 1914- 
245 1 2 |a Η επιστημονική μέθοδος της παιδαγωγικής :  |b (ιστορική θεώρηση-επιτεύγματα) /  |c Ηλίας Ι. Ξηροτύρης 
260 |a Αθήνα :   |b Νίκη,   |c 1965 
300 |a 44 σ.;  |c 24 εκ. 
650 0 0 |a Education  |x Experimental methods. 
650 0 0 |a Instructional systems. 
852 |a INST  |b RHODES  |c AKA  |e 20120613  |h  370.1 ΞΗΡ  |p 005400034442  |q 005400034442  |t BK  |y 0 
901 |a BIBL4-2012-2 
909 |a Ρ  |b 171076 
922 |a 4ΕΛΗ 
970 |z 2012/06/13